| Tag |
First Indicator |
Second Indicator |
Subfields |
| LEADER |
00000cam a2200000 4500 |
| 001 |
in00000021919 |
| 005 |
20151007063806.0 |
| 008 |
741108s1963 nyu 00001 eng u |
| 010 |
|
|
|a 63019572
|
| 035 |
|
|
|a (OCoLC)01069636
|
| 035 |
|
|
|9 AAD8260AM
|
| 040 |
|
|
|c IRU
|d TXA
|d UtOrBLW
|
| 041 |
1 |
|
|a eng
|a fre
|
| 049 |
|
|
|a TXAM
|c [365434]
|
| 090 |
|
|
|a PQ2662.E67
|b S814 1963
|
| 092 |
|
|
|a 843
|b B496g
|
| 100 |
1 |
|
|a Berger, Yves.
|
| 245 |
1 |
4 |
|a The garden /
|c Translated from the French by Robert Baldick.
|
| 264 |
|
1 |
|a New York :
|b G. Braziller,
|c [1963]
|
| 300 |
|
|
|a 226 pages ;
|c 22 cm.
|
| 336 |
|
|
|a text
|b txt
|2 rdacontent
|
| 337 |
|
|
|a unmediated
|b n
|2 rdamedia
|
| 338 |
|
|
|a volume
|b nc
|2 rdacarrier
|
| 500 |
|
|
|a Translation of Le Sud.
|
| 999 |
|
|
|a MARS
|
| 999 |
f |
f |
|s fa7844ae-3864-39b9-b264-2f6df5f3b2ea
|i 0123b1a2-272a-358a-8cac-59defd8fdeef
|t 0
|
| 952 |
f |
f |
|p ric
|a Texas A&M University
|b Rellis Campus
|c Joint Library Facility
|d Remote Storage
|t 0
|e PQ2662.E67 S814 1963
|h Library of Congress classification
|i unmediated -- volume
|m A14801367575
|
| 998 |
f |
f |
|a PQ2662.E67 S814 1963
|t 0
|l Remote Storage
|